Statistics for Top 10 Most Eastern Orthodox Countries

Click here to take the quiz!

General Stats

  • This quiz has been taken 137 times
  • The average score is 8 of 10

Answer Stats

%Country% Correct
95Greece
93%
71*Ukraine
91%
97.06Serbia
89%
81.1Romania
88%
73Belarus
87%
93.3Moldova
84%
69.8North Macedonia
80%
81.0Montenegro
79%
82.1Georgia
71%
89.1Cyprus
62%

Score Distribution

Percentile by Number Answered

Percent of People with Each Score

Your Score History

You have not taken this quiz